| 000 | 00564nam a2200193Ia 4500 | ||
|---|---|---|---|
| 005 | 20250507130320.0 | ||
| 008 | 008 250505s9999 xx 000 0 eng d | ||
| 037 | _aAnnuals, Advances | ||
| 040 |
_aEASL _beng _cEASL |
||
| 041 |
_aeng _2eng |
||
| 084 |
_aX.41.N9, N61 _qEASL |
||
| 100 |
_aGarnaut Ross Ed. _9650364 |
||
| 245 | 0 | _aThird revolution in the Chinese countryside | |
| 260 |
_aUK _bCambridge n _c1996 |
||
| 365 | _b2090.00 | ||
| 490 | _aTrade and development | ||
| 942 |
_cTEXL _hX.41.N9, N61 |
||
| 999 |
_c1318953 _d1318953 |
||